[Event "ICS rated bullet match"]
[Site "207.99.83.229"]
[Date "1999.07.23"]
[Round "?"]
[White "JSBach"]
[Black "Hossa"]
[Result "0-1"]
[WhiteElo "2074"]
[BlackElo "2343"]
[PlyCount "96"]
[EventDate "1999.??.??"]

1. d4 d5 2. Bf4 Nf6 3. Qd3 e6 4. Nf3 Bd6 5. Ne5 O-O 6. Nc3 Nh5 7. Bd2 f6 8. Ng4
f5 9. Ne5 Nc6 10. Nxc6 bxc6 11. Qf3 Nf6 12. e3 Ng4 13. h4 Rb8 14. O-O-O Nh2 15.
Qh3 Nxf1 16. Rdxf1 e5 17. Re1 f4 18. Qf3 fxe3 19. Qxe3 e4 20. Nd1 Bg4 21. Ref1
Qc8 22. Nc3 Qb7 23. Na4 Qb5 24. b3 Ba3+ 25. Nb2 Bd7 26. Qg3 Qb6 27. Bc3 a5 28.
h5 a4 29. h6 g6 30. Qe5 Rf7 31. f3 Bd6 32. Nxa4 Qb5 33. Qg7+ Rxg7 34. hxg7 Bf4+
35. Kd1 exf3 36. gxf3 Kxg7 37. Nc5 Bf5 38. a4 Qb6 39. Re1 Kg8 40. Re7 h5 41.
Rh4 Bg5 42. a5 Qb5 43. Na6 Bxc2+ 44. Ke1 Bxh4+ 45. Kd2 Qd3+ 46. Kc1 Qd1+ 47.
Kb2 Rxb3+ 48. Ka2 48... Qb1# {JSBach checkmated} 0-1

[Event "ICS Rated blitz match"]
[Site "207.99.83.229"]
[Date "1999.07.23"]
[Round "?"]
[White "Pheona"]
[Black "Hossa"]
[Result "1/2-1/2"]
[WhiteElo "2461"]
[BlackElo "2455"]
[PlyCount "244"]
[EventDate "1999.??.??"]

1. d4 d5 2. c4 e6 3. Nc3 Nf6 4. Bg5 c6 5. e3 Be7 6. Bd3 O-O 7. Nf3 h6 8. Bh4
Nbd7 9. O-O Nb6 10. c5 Nbd7 11. Qc2 b6 12. Na4 g5 13. Bg3 bxc5 14. Nxc5 Nxc5
15. dxc5 Bb7 16. Be5 a6 17. Rfd1 Ra7 18. Nd4 Qa5 19. Kf1 Qd8 20. b3 Qa5 21. a3
Qd8 22. Rd2 Ra8 23. Kg1 Qe8 24. Rad1 Qd7 25. Qb1 a5 26. Nf3 a4 27. Qb2 Ng4 28.
h3 Nxe5 29. Nxe5 Qc7 30. Ng4 f5 31. Nxh6+ Kh7 32. Ng4 axb3 33. a4 Rab8 34. Qxb3
Kg8 35. Nh2 Bxc5 36. Rb2 Ba8 37. Qc3 Bd6 38. Nf3 Rxb2 39. Qxb2 g4 40. hxg4 fxg4
41. Ng5 Bh2+ 42. Kf1 Qe5 43. Qxe5 Bxe5 44. Nxe6 Rf6 45. Nc5 Bd6 46. Nd7 Rf7 47.
Nb6 Bb7 48. a5 c5 49. Bc4 dxc4 50. Rxd6 c3 51. Rd1 Be4 52. Rc1 c2 53. Ke2 Rf5
54. Nc4 Rd5 55. Ke1 Bd3 56. Na3 c4 57. Nxc2 Rxa5 58. Nb4 g3 59. fxg3 Ra3 60.
Kd2 Be4 61. Rxc4 Bxg2 62. Rf4 Ra7 63. e4 Re7 64. Nd5 Re6 65. Kd3 Kg7 66. g4 Bh1
67. Ke3 Kg6 68. Rf1 Rxe4+ 69. Kf2 Re5 70. Nf4+ Kg5 71. Nh3+ Kxg4 72. Rxh1 Re8
73. Ng1 Rf8+ 74. Ke3 Re8+ 75. Kd4 Kg3 76. Rh7 Rd8+ 77. Ke4 Re8+ 78. Kd5 Kf2 79.
Nh3+ Ke3 80. Ng5 Rd8+ 81. Ke5 Re8+ 82. Ne6 Ke2 83. Rh3 Kd2 84. Rb3 Ke2 85. Kd5
Kf2 86. Ra3 Re7 87. Nd4 Rd7+ 88. Ke5 Rf7 89. Nf5 Rf8 90. Nd6 Rd8 91. Rd3 Rg8
92. Kd4 Rd8 93. Ke4 Ke2 94. Re3+ Kd1 95. Nc4 Re8+ 96. Ne5 Kc2 97. Ra3 Kd2 98.
Ra6 Kd1 99. Ra2 Ke1 100. Rb2 Re7 101. Ra2 Re8 102. Rb2 Re7 103. Kd4 Kf1 104.
Kd5 Re8 105. Kd4 Re7 106. Kd5 Re8 107. Rh2 Rf8 108. Nd3 Kg1 109. Rd2 Rd8+ 110.
Ke4 Rf8 111. Ke3 Re8+ 112. Kf3 Rd8 113. Ke4 Rf8 114. Ke3 Re8+ 115. Kf3 Rd8 116.
Rg2+ Kf1 117. Rf2+ Kg1 118. Rd2 Rd5 119. Ke4 Rd6 120. Ke5 Rd8 121. Rd1+ Kg2
122. Kf5 122... Rg8 {Game drawn by the 50 move rule} 1/2-1/2

[Event "ICS Rated blitz match"]
[Site "207.99.83.229"]
[Date "1999.07.23"]
[Round "?"]
[White "Hossa"]
[Black "TDChess"]
[Result "0-1"]
[WhiteElo "2455"]
[BlackElo "2514"]
[PlyCount "92"]
[EventDate "1999.??.??"]

1. d4 e6 2. c4 Bb4+ 3. Bd2 Bxd2+ 4. Nxd2 Nf6 5. e4 O-O 6. e5 Ne8 7. Bd3 c5 8.
Qb1 cxd4 9. Bxh7+ Kh8 10. Ngf3 d6 11. exd6 Nxd6 12. O-O a5 13. Nb3 f5 14. Bg6
Qf6 15. Bh5 Qh6 16. c5 Ne4 17. g4 g6 18. Qd1 gxh5 19. Qxd4+ Kh7 20. gxh5 Nc6
21. Qe3 Qg7+ 22. Kh1 Rg8 23. Ne1 Qxb2 24. Nd3 Qf6 25. f3 Nc3 26. f4 Bd7 27. Rf3
Nd5 28. Qe1 Be8 29. Rd1 Nc3 30. Rd2 a4 31. Nbc1 Nd4 32. Rg3 Bc6+ 33. Rdg2 Bxg2+
34. Kxg2 Ne4 35. Rg6 Rxg6+ 36. hxg6+ Qxg6+ 37. Kh1 Nf3 38. Qf1 Ng3+ 39. Kg2
Nh4+ 40. Kf2 Nxf1 41. Ne1 Qg4 42. Ncd3 Rd8 43. Kxf1 Rxd3 44. Nxd3 Qg2+ 45. Ke1
Nf3+ 46. Kd1 46... Qd2# {Hossa checkmated} 0-1

[Event "ICS rated blitz match"]
[Site "207.99.83.229"]
[Date "1999.07.23"]
[Round "?"]
[White "Pheona"]
[Black "Hossa"]
[Result "0-1"]
[WhiteElo "2465"]
[BlackElo "2442"]
[PlyCount "96"]
[EventDate "1999.??.??"]

1. d4 d5 2. c4 e6 3. Nc3 Nf6 4. Bg5 c6 5. e3 Be7 6. Bd3 O-O 7. Nf3 h6 8. Bh4
Nbd7 9. c5 b6 10. cxb6 axb6 11. O-O Bb7 12. Ne5 Nxe5 13. dxe5 Nd7 14. Bxe7 Qxe7
15. f4 f6 16. exf6 Rxf6 17. Qh5 Raf8 18. Qh3 Nc5 19. Be2 b5 20. a3 Nb3 21. Rad1
b4 22. axb4 Qxb4 23. Bg4 Nc5 24. Rb1 Ba6 25. Rfd1 Bc4 26. Kh1 Kh8 27. Kg1 Bd3
28. Rbc1 Qb6 29. Re1 Nb3 30. Rcd1 Bc2 31. Na4 Qa7 32. Nc3 Rxf4 33. Bxe6 Bxd1
34. Nxd1 Nd2 35. g4 Nf3+ 36. Kh1 R4f6 37. Rf1 Ng5 38. Rxf6 Rxf6 39. Qg2 Nxe6
40. Qe2 Qe7 41. Nc3 Ng5 42. h4 Nf3 43. g5 hxg5 44. h5 Qe8 45. Qh2 Nxh2 46. Kxh2
Qxh5+ 47. Kg2 Qg4+ 48. Kh1 48... Rh6# {Pheona checkmated} 0-1

[Event "ICS Rated blitz match"]
[Site "207.99.83.229"]
[Date "1999.07.23"]
[Round "?"]
[White "blunite"]
[Black "Hossa"]
[Result "0-1"]
[WhiteElo "2171"]
[BlackElo "2459"]
[PlyCount "66"]
[EventDate "1999.??.??"]

1. e4 Nf6 2. e5 Nd5 3. d4 d6 4. Nf3 Bg4 5. Be2 Nc6 6. c4 Nb6 7. e6 fxe6 8. Nbd2
g6 9. O-O Bg7 10. c5 Nd5 11. h3 Bxf3 12. Nxf3 O-O 13. Bc4 Qd7 14. a3 dxc5 15.
dxc5 Rad8 16. Qe2 b6 17. cxb6 axb6 18. Bd2 Bxb2 19. Bh6 Bxa1 20. Rxa1 Rf6 21.
Re1 Na5 22. Ba2 Qd6 23. Ng5 Nf4 24. Qe4 Qxa3 25. Bxe6+ Nxe6 26. Nxe6 Rb8 27.
Nxc7 Qc5 28. Nd5 Qxf2+ 29. Kh1 Nc6 30. Nf4 Qh4 31. Qc4+ Rf7 32. Re6 Qxh6 33.
Rxc6 33... Qxf4 {blunite resigns} 0-1

[Event "ICS Rated blitz match"]
[Site "207.99.83.229"]
[Date "1999.07.23"]
[Round "?"]
[White "Hossa"]
[Black "mundilfari"]
[Result "0-1"]
[WhiteElo "2464"]
[BlackElo "2747"]
[PlyCount "74"]
[EventDate "1999.??.??"]

1. d4 d5 2. c4 e6 3. Nc3 Nf6 4. cxd5 Nxd5 5. e4 Nxc3 6. bxc3 c5 7. Nf3 cxd4 8.
cxd4 Be7 9. Bb5+ Bd7 10. Rb1 O-O 11. Bxd7 Qxd7 12. Ne5 Qc7 13. O-O Nc6 14. Qc2
Rfd8 15. Nxc6 bxc6 16. Be3 Rac8 17. Qe2 c5 18. Rfc1 c4 19. Rc3 Qc6 20. Qc2 Rd7
21. a4 Rb7 22. Rxb7 Qxb7 23. f3 Qa6 24. Qa2 Bd8 25. Kh1 Qc6 26. Rc1 Bb6 27. a5
Bd8 28. Bd2 Qd6 29. Rxc4 Qa6 30. Qa4 h6 31. Qe8+ Kh7 32. h3 Qxc4 33. Qxf7 Bg5
34. Bxg5 Qf1+ 35. Kh2 Rc2 36. Qxg7+ Kxg7 37. a6 37... Rxg2# {Hossa checkmated}
0-1

[Event "ICS Rated blitz match"]
[Site "207.99.83.229"]
[Date "1999.07.23"]
[Round "?"]
[White "Pheona"]
[Black "Hossa"]
[Result "1-0"]
[WhiteElo "2448"]
[BlackElo "2459"]
[PlyCount "141"]
[EventDate "1999.??.??"]

1. e4 Nf6 2. e5 Nd5 3. d4 d6 4. Nf3 Bg4 5. Be2 Nc6 6. O-O e6 7. c4 Bxf3 8. Bxf3
Nb6 9. Bxc6+ bxc6 10. Qf3 Qd7 11. b3 d5 12. c5 Nc8 13. Nd2 Be7 14. Qg4 O-O 15.
Nf3 Kh8 16. Qh5 Qe8 17. Bd2 Rb8 18. Bg5 f6 19. Qxe8 Rxe8 20. exf6 Bxf6 21. Rfe1
Rb5 22. Re3 Kg8 23. Rae1 Kf7 24. Bf4 Re7 25. Kh1 a6 26. R3e2 Rb4 27. Be3 Na7
28. Bg5 Re8 29. Bf4 Nb5 30. Bd2 Rxd4 31. a4 Rxd2 32. Rxd2 Nc3 33. Rc2 Ne4 34.
Re3 Rb8 35. g3 Kg6 36. Kg1 Rb4 37. Kg2 e5 38. Ne1 Kf5 39. Nd3 Rxb3 40. f3 h5
41. fxe4+ dxe4 42. Rf2+ Kg5 43. h4+ Kh6 44. g4 Bxh4 45. Rh3 Bxf2 46. Rxh5+ Kg6
47. Nxe5+ Kf6 48. Rf5+ Ke6 49. Kxf2 Ra3 50. Nxc6 e3+ 51. Kf3 Rxa4 52. Re5+ Kd7
53. Ne7 e2 54. Rxe2 g5 55. Ng6 Ra3+ 56. Ke4 Ke6 57. Nf8+ Kf7 58. Rf2+ Ke7 59.
Kd5 Re3 60. Ng6+ Kd8 61. Ne5 Ke8 62. Rf6 Rc3 63. Ng6 Kd8 64. Rf8+ Kd7 65. c6+
Rxc6 66. Rf7+ Kc8 67. Kxc6 Kb8 68. Rxc7 Ka8 69. Kb6 Kb8 70. Ne7 Ka8 71. Rc8# {
Hossa checkmated} 1-0

[Event "ICS Rated blitz match"]
[Site "207.99.83.229"]
[Date "1999.07.23"]
[Round "?"]
[White "Hossa"]
[Black "Pheona"]
[Result "0-1"]
[WhiteElo "2442"]
[BlackElo "2465"]
[PlyCount "141"]
[EventDate "1999.??.??"]

1. d4 d5 2. c4 e6 3. Nc3 Nf6 4. cxd5 exd5 5. Bg5 Be7 6. e3 O-O 7. Bd3 Re8 8.
Bxf6 Bxf6 9. Qh5 g6 10. Qxd5 Bxd4 11. Qxd8 Bxc3+ 12. bxc3 Rxd8 13. Rd1 Be6 14.
a3 Nd7 15. e4 Nc5 16. Bc2 Rxd1+ 17. Kxd1 Rd8+ 18. Kc1 f5 19. exf5 Bxf5 20. h4
Be4 21. f3 Nd3+ 22. Bxd3 Bxd3 23. Nh3 Bc4 24. Nf4 Kf7 25. g3 Kf6 26. Re1 c5 27.
Ng2 Rd3 28. Re3 Rd6 29. Re4 Bd5 30. Rf4+ Ke6 31. Ne3 Bc6 32. Kc2 Rd7 33. c4 Rd4
34. Rf8 Ke7 35. Rh8 h5 36. Rh7+ Ke6 37. Rg7 Kf6 38. Rc7 Bxf3 39. Rxc5 Be4+ 40.
Kb2 Rd2+ 41. Kc1 Rd3 42. Nd5+ Bxd5 43. cxd5 Rxg3 44. Ra5 a6 45. Kb2 Ke5 46. Ra4
Kxd5 47. Ra5+ Ke4 48. Rc5 Rg4 49. Kc3 Kf3 50. Rc7 Rxh4 51. Rxb7 Rg4 52. Rb6 a5
53. a4 h4 54. Rd6 h3 55. Rd3+ Kg2 56. Rd2+ Kg3 57. Rd3+ Kh4 58. Rd2 Rxa4 59.
Kb3 Rf4 60. Kc3 Kg3 61. Rd1 h2 62. Ra1 Rh4 63. Rh1 Kg2 64. Rc1 h1=Q 65. Rxh1
Kxh1 66. Kd3 Rh3+ 67. Kd4 a4 68. Ke5 Rf3 69. Ke6 a3 70. Ke7 a2 71. Ke6 {
Hossa resigns} 0-1

[Event "ICS Rated blitz match"]
[Site "207.99.83.229"]
[Date "1999.07.23"]
[Round "?"]
[White "Pheona"]
[Black "Hossa"]
[Result "1-0"]
[WhiteElo "2486"]
[BlackElo "2427"]
[PlyCount "78"]
[EventDate "1999.??.??"]

1. e4 Nf6 2. e5 Nd5 3. d4 d6 4. Nf3 Bg4 5. c4 Nb6 6. exd6 Qxd6 7. Nbd2 Nc6 8.
c5 Qe6+ 9. Be2 Nd5 10. O-O O-O-O 11. Re1 Nf4 12. Bb5 Qg6 13. Nb3 Nh3+ 14. Kf1
Qf6 15. Bxc6 Qxc6 16. Ne5 Qb5+ 17. Qd3 Qxd3+ 18. Nxd3 Bf5 19. Ne5 Rg8 20. gxh3
f6 21. Ng4 h5 22. Ne3 Bxh3+ 23. Kg1 e6 24. Bd2 e5 25. dxe5 fxe5 26. Nc4 g5 27.
Rxe5 Bh6 28. c6 b6 29. Rae1 Kb8 30. Re7 Rdf8 31. Ne5 Kc8 32. Rh7 Rf6 33. Nf7
Rxf7 34. Rxf7 Kb8 35. Rh7 Bg7 36. Rxh5 g4 37. Rg5 g3 38. Rxg3 Bc8 39. Bh6 39...
Bc3 {Hossa resigns} 1-0

[Event "ICS Rated blitz match"]
[Site "207.99.83.229"]
[Date "1999.07.23"]
[Round "?"]
[White "Hossa"]
[Black "Pheona"]
[Result "0-1"]
[WhiteElo "2414"]
[BlackElo "2499"]
[PlyCount "109"]
[EventDate "1999.??.??"]

1. d4 d5 2. c4 e6 3. Nc3 Nf6 4. cxd5 exd5 5. Bg5 Be7 6. e3 O-O 7. Bd3 Re8 8.
Bxf6 Bxf6 9. Qh5 g6 10. Qxd5 Bxd4 11. Qxd8 Bxc3+ 12. bxc3 Rxd8 13. Rd1 Be6 14.
a3 Nd7 15. Be2 Nc5 16. Rd4 Nb3 17. Rb4 c5 18. Rb5 b6 19. Nf3 Nc1 20. Rb2 c4 21.
Nd4 Nd3+ 22. Bxd3 cxd3 23. Rd2 Bc4 24. O-O Rac8 25. g3 Rd5 26. Rb2 Ra5 27. Ra1
Bd5 28. h4 Rxc3 29. Nb5 Rc5 30. Nd4 Rxa3 31. Rf1 Kg7 32. g4 Kf6 33. g5+ Ke5 34.
Rd1 Rac3 35. Rdd2 Ra5 36. Kh2 Ra1 37. f3 Ra5 38. Kg3 f5 39. gxf6 Kxf6 40. e4
Ke5 41. Rb4 Bg8 42. Nb5 Rc4 43. f4+ Kxe4 44. Nd6+ Ke3 45. Nxc4+ Bxc4 46. Rbb2
Rd5 47. Rd1 d2 48. h5 Be2 49. hxg6 Bxd1 50. gxh7 Rd8 51. Rb1 Bc2 52. Ra1 Bxh7
53. Rd1 Rg8+ 54. Kh4 Be4 55. f5 {Hossa resigns} 0-1

[Event "ICS Rated blitz match"]
[Site "207.99.83.229"]
[Date "1999.07.23"]
[Round "?"]
[White "Hossa"]
[Black "Forrester"]
[Result "1-0"]
[WhiteElo "2402"]
[BlackElo "1645"]
[PlyCount "82"]
[EventDate "1999.??.??"]

1. d4 d5 2. c4 e6 3. Nc3 Nf6 4. cxd5 Nxd5 5. e4 Nxc3 6. bxc3 c5 7. Nf3 Nc6 8.
Bb5 Bd7 9. O-O Qa5 10. Qa4 Qxa4 11. Bxa4 a6 12. d5 exd5 13. exd5 Ne7 14. Bxd7+
Kxd7 15. Rb1 b5 16. Rd1 Ng6 17. Ng5 f6 18. Ne6 Rg8 19. Be3 c4 20. Rb2 Bd6 21.
a4 Rab8 22. Ba7 Rb7 23. Bc5 Nf8 24. f4 Nxe6 25. dxe6+ Kxe6 26. Rxd6+ Kf7 27.
Rxa6 Rgb8 28. a5 Kg6 29. Bb6 Rd7 30. Ra7 Rd3 31. f5+ Kxf5 32. Rxg7 h5 33. Bc7
Ra8 34. Rxb5+ Ke6 35. Rg3 Rd1+ 36. Kf2 Ra7 37. Re3+ Kf7 38. Rc5 Rd2+ 39. Re2
Rd7 40. Bb6 Ra8 41. Rxc4 41... Rad8 {Forrester resigns} 1-0

[Event "ICS Rated blitz match"]
[Site "207.99.83.229"]
[Date "1999.07.23"]
[Round "?"]
[White "Pheona"]
[Black "Hossa"]
[Result "1-0"]
[WhiteElo "2525"]
[BlackElo "2402"]
[PlyCount "127"]
[EventDate "1999.??.??"]

1. d4 d5 2. c4 e6 3. Nc3 Nf6 4. Bg5 c6 5. e3 Be7 6. Nf3 O-O 7. Bd3 Nbd7 8. Qb1
h6 9. Bh4 dxc4 10. Bxc4 Nb6 11. Bd3 g5 12. Bg3 c5 13. dxc5 Bxc5 14. O-O Nbd5
15. Nxd5 exd5 16. Rc1 Qe7 17. Qc2 b6 18. Ne5 Bb7 19. Bf5 Ne4 20. Nd7 Rfc8 21.
Nxc5 Rxc5 22. Qd3 Re8 23. Rxc5 Qxc5 24. Rd1 Nxg3 25. hxg3 Re7 26. g4 Re5 27.
Qd2 Qe7 28. Qc2 a5 29. Bd3 Re6 30. Bh7+ Kh8 31. Bf5 Rc6 32. Qb3 Rd6 33. Qb5 Rf6
34. Bc2 Qe5 35. Qd3 Rg6 36. Qb5 Rf6 37. Rd2 Rd6 38. Rd4 Kg8 39. Bd3 Rc6 40. Bf1
Rd6 41. Be2 Rc6 42. Bd1 Rd6 43. Bf3 Qe6 44. Qb3 Qe5 45. Qd1 f5 46. gxf5 Qxf5
47. e4 Qf6 48. exd5 Qf7 49. Qd2 Rd8 50. Be4 Rc8 51. Rd3 Re8 52. Qe3 Qh5 53. f3
Qh4 54. Rd1 b5 55. Qb6 Re7 56. Qg6+ Kf8 57. d6 Rf7 58. d7 Bc6 59. d8=Q+ Be8 60.
Qdd6+ Re7 61. Qgf6+ Kg8 62. Bh7+ Kxh7 63. Qdxe7+ Bf7 64. Qexf7# {
Hossa checkmated} 1-0

[Event "ICS Rated blitz match"]
[Site "207.99.83.229"]
[Date "1999.07.23"]
[Round "?"]
[White "Hossa"]
[Black "Pheona"]
[Result "0-1"]
[WhiteElo "2391"]
[BlackElo "2536"]
[PlyCount "258"]
[EventDate "1999.??.??"]

1. d4 Nf6 2. c4 e6 3. Nc3 d5 4. Nf3 Be7 5. cxd5 exd5 6. Qc2 O-O 7. Bf4 Nc6 8.
Qd1 Ne4 9. e3 Nxc3 10. bxc3 Bf5 11. Bd3 Bxd3 12. Qxd3 Na5 13. O-O Re8 14. Qf5
Nc4 15. Rab1 b6 16. Bg5 c6 17. Rbe1 f6 18. Bf4 Bd6 19. Bxd6 Qxd6 20. Re2 Re4
21. Kh1 Qa3 22. Qd7 Na5 23. Rc2 Re7 24. Qh3 Nc4 25. Nh4 Rae8 26. Nf5 Re6 27.
Qg4 Qf8 28. Re2 Kh8 29. Qf4 Qf7 30. a4 Qh5 31. Rfe1 Re4 32. Qf3 Qxf3 33. gxf3
R4e6 34. Rb1 g6 35. Ng3 Kg7 36. Rb3 f5 37. f4 Kf6 38. Nf1 Na5 39. Rb1 Re4 40.
Ng3 R4e7 41. h4 Nc4 42. Ra2 Ke6 43. Kg2 a6 44. Nf1 Rb7 45. Nd2 Nxd2 46. Rxd2
Reb8 47. Kg3 Kf6 48. Ra1 a5 49. Rb1 Ra7 50. Rdb2 Rab7 51. Rd2 Ke6 52. Ra2 Kd6
53. Ra3 Ke6 54. Ra2 Kd7 55. Ra3 Kd6 56. Rc1 Re8 57. Rb3 Ke6 58. c4 dxc4 59.
Rxc4 Kd5 60. Rc1 Reb8 61. Rbc3 Rc8 62. Rb3 Rg8 63. Kf3 Rgb8 64. Rbc3 Rc7 65.
Rb1 Rd7 66. Rbc1 Rd6 67. Rb3 Rd7 68. Rbc3 Rc7 69. Rb1 Kd6 70. Ra1 c5 71. Rac1
Rbb7 72. Rc4 cxd4 73. Rxd4+ Ke6 74. Rxc7 Rxc7 75. Ke2 Rc5 76. f3 b5 77. e4 b4
78. e5 Rc2+ 79. Rd2 Rc6 80. Rd3 Rb6 81. Rb3 Kd5 82. Kd2 Kc4 83. Kc2 Rb7 84. Re3
Rd7 85. Rb3 Rb7 86. Re3 Kd4 87. Rb3 Ra7 88. Kc1 Rd7 89. Kd2 Kc4+ 90. Kc2 Rd8
91. Re3 Re8 92. Rd3 Re7 93. Rd6 Rc7 94. Kb2 Ra7 95. Rf6 Kd4 96. Rc6 Ke3 97. Rc4
Kxf3 98. Rd4 Kg4 99. Kb3 Kxh4 100. Rd2 Kg3 101. Rd4 Rc7 102. Rc4 Re7 103. Rc5
Kxf4 104. Rxa5 h5 105. Rb5 g5 106. a5 h4 107. a6 h3 108. Rxb4+ Kf3 109. Rc4 h2
110. Rc3+ Kg4 111. Rc1 Rxe5 112. Rd1 Ra5 113. Rh1 Kg3 114. Re1 Rxa6 115. Kc3
Rh6 116. Rf1 h1=Q 117. Rxh1 Rxh1 118. Kc4 f4 119. Kd4 f3 120. Ke5 f2 121. Kd5
Kf4 122. Kd4 g4 123. Kd5 g3 124. Kd4 g2 125. Kd5 f1=Q 126. Kd6 Qa6+ 127. Kc5
g1=Q+ 128. Kb4 Qd4+ 129. Kb3 129... Qaa4# {Hossa checkmated} 0-1

[Event "ICS Rated blitz match"]
[Site "207.99.83.229"]
[Date "1999.07.23"]
[Round "?"]
[White "Pheona"]
[Black "Hossa"]
[Result "1-0"]
[WhiteElo "2542"]
[BlackElo "2378"]
[PlyCount "98"]
[EventDate "1999.??.??"]

1. e4 Nf6 2. e5 Nd5 3. d4 d6 4. Nf3 Bg4 5. c4 Nb6 6. exd6 Qxd6 7. Nbd2 Nc6 8.
c5 Qe6+ 9. Be2 Nd5 10. O-O O-O-O 11. Nb3 g5 12. Bxg5 Rg8 13. Bc1 Qe4 14. Nbd2
Qf5 15. Nh4 Qh5 16. Ndf3 e6 17. g3 Be7 18. h3 Bxf3 19. Nxf3 Qxh3 20. Bb5 Nb8
21. Re1 f6 22. Bf1 Qg4 23. Kh2 Qh5+ 24. Bh3 Nd7 25. Rxe6 Rg7 26. c6 bxc6 27.
Rxc6 Nb4 28. Re6 Rdg8 29. Qb3 Re8 30. Bd2 a5 31. Kg2 Qb5 32. a3 Qd5 33. Qc3 f5
34. Rh6 Nf6 35. axb4 Bxb4 36. Rxf6 Bxc3 37. Rxf5 Qd7 38. bxc3 Kd8 39. Rfxa5 Qf7
40. Ng5 Qf6 41. Ra8+ Ke7 42. Re1+ Kd6 43. Rexe8 Qxg5 44. Bxg5 Kc6 45. Re6+ Kd5
46. Ra5+ Kc4 47. Rc6+ Kb3 48. Rb5+ Kc2 49. Bf5+ 49... Kd1 {Hossa resigns} 1-0

[Event "ICS Rated blitz match"]
[Site "207.99.83.229"]
[Date "1999.07.23"]
[Round "?"]
[White "Hossa"]
[Black "Pheona"]
[Result "0-1"]
[WhiteElo "2369"]
[BlackElo "2551"]
[PlyCount "125"]
[EventDate "1999.??.??"]

1. d4 d5 2. c4 e6 3. Nc3 Nf6 4. cxd5 exd5 5. Bg5 Be7 6. e3 O-O 7. Bd3 Re8 8.
Bxf6 Bxf6 9. Qh5 g6 10. Qxd5 Bxd4 11. Qxd8 Bxc3+ 12. bxc3 Rxd8 13. Rd1 Be6 14.
a3 Nd7 15. Be2 Nc5 16. Rd4 Nb3 17. Rb4 b6 18. e4 a5 19. Rb5 Nc5 20. f3 Na4 21.
Rb1 Nxc3 22. Rc1 Nxe2 23. Nxe2 Rac8 24. Kf2 Kg7 25. Rhd1 c5 26. Rb1 Rxd1 27.
Rxd1 b5 28. Nf4 c4 29. Nxe6+ fxe6 30. Rd7+ Kg8 31. Ke2 c3 32. Kd1 b4 33. axb4
axb4 34. Rb7 Rd8+ 35. Kc1 Rd4 36. Rb8+ Kg7 37. Rb7+ Kf6 38. Rxh7 Rd2 39. Rb7
Rxg2 40. Rxb4 Rf2 41. Rb8 Ke5 42. Rg8 Rxf3 43. Rxg6 Rf2 44. h4 Rh2 45. Rg3 Kd4
46. Rg6 e5 47. Rd6+ Kxe4 48. Rc6 Kd4 49. Rd6+ Kc5 50. Rh6 e4 51. Rh7 e3 52.
Rc7+ Kd6 53. Rxc3 Rh1+ 54. Kc2 e2 55. Rd3+ Kc5 56. Rc3+ Kb5 57. Rg3 e1=Q 58.
Rg5+ Kb4 59. Rg4+ Ka3 60. Rg8 Rh2+ 61. Kd3 Rd2+ 62. Kc4 Qc1+ 63. Kb5 {
Hossa resigns} 0-1

[Event "ICS Rated blitz match"]
[Site "207.99.83.229"]
[Date "1999.07.23"]
[Round "?"]
[White "Hossa"]
[Black "TDChess"]
[Result "1-0"]
[WhiteElo "2361"]
[BlackElo "2505"]
[PlyCount "99"]
[EventDate "1999.??.??"]

1. d4 e6 2. c4 Bb4+ 3. Bd2 Bxd2+ 4. Nxd2 Nf6 5. e4 O-O 6. e5 Ne8 7. Bd3 c5 8.
Qc2 cxd4 9. Ngf3 g6 10. Nxd4 Qg5 11. N2f3 Qxg2 12. Rg1 Qh3 13. Qc1 f6 14. Bxg6
hxg6 15. Rxg6+ Kf7 16. Rxf6+ Ke7 17. Rxf8 Kxf8 18. Qf4+ Ke7 19. Qg5+ Kf8 20.
O-O-O Qh7 21. h4 Na6 22. Qe3 Nb4 23. a3 Nc6 24. Nxc6 bxc6 25. Qd4 Qf5 26. Qc5+
Kf7 27. Ng5+ Kg8 28. Qe3 a5 29. Rg1 Ng7 30. h5 Kh8 31. h6 Nh5 32. Nh3 Qf7 33.
Rg4 c5 34. f4 Bb7 35. Ng5 Qg6 36. Qd2 Bc6 37. Rh4 Rf8 38. Qd6 Rg8 39. h7 Re8
40. Qd2 Rb8 41. Qh2 Ng7 42. Rh6 Qe8 43. Rf6 Qh5 44. Nf7+ Kxh7 45. Rh6+ Qxh6 46.
Qxh6+ Kg8 47. Ng5 Re8 48. Qh7+ Kf8 49. b3 Ke7 50. Qxg7+ {TDChess resigns} 1-0

[Event "ICS Rated blitz match"]
[Site "207.99.83.229"]
[Date "1999.07.23"]
[Round "?"]
[White "topolino"]
[Black "Hossa"]
[Result "1/2-1/2"]
[WhiteElo "2504"]
[BlackElo "2383"]
[PlyCount "108"]
[EventDate "1999.??.??"]

1. e4 Nf6 2. e5 Nd5 3. d4 d6 4. c4 Nb6 5. f4 dxe5 6. fxe5 Bf5 7. Nc3 Nc6 8. Be3
f6 9. Nf3 fxe5 10. Nxe5 Nxe5 11. dxe5 e6 12. Qxd8+ Rxd8 13. Nb5 Bb4+ 14. Kf2
O-O 15. Kg1 Bd2 16. Bxd2 Rxd2 17. b3 c6 18. Nd6 Nd7 19. Nxb7 Nxe5 20. h3 Bd3
21. Bxd3 Nxd3 22. Kh2 Rff2 23. Rhg1 Nf4 24. Kg3 g5 25. Na5 Rxg2+ 26. Rxg2 Rxg2+
27. Kf3 c5 28. h4 e5 29. hxg5 Rxg5 30. Nc6 a6 31. Nxe5 Rxe5 32. Kxf4 Re7 33.
Rg1+ Kf7 34. Rg5 Rc7 35. Rf5+ Kg6 36. Rd5 Rc6 37. Ke5 h5 38. Rd8 Rf6 39. Kd5
Rf5+ 40. Ke4 Rf2 41. a4 Re2+ 42. Kd3 Re6 43. Rc8 h4 44. Kd2 Re5 45. Rc6+ Kg5
46. Rxa6 h3 47. Ra8 Kf4 48. Rh8 Kg3 49. a5 h2 50. a6 Re7 51. Rg8+ Kh3 52. Rh8+
Kg3 53. Rg8+ Kh3 54. Rh8+ 54... Kg3 {Game drawn by repetition} 1/2-1/2

[Event "ICS Rated blitz match"]
[Site "207.99.83.229"]
[Date "1999.07.23"]
[Round "?"]
[White "Hossa"]
[Black "topolino"]
[Result "0-1"]
[WhiteElo "2388"]
[BlackElo "2499"]
[PlyCount "87"]
[EventDate "1999.??.??"]

1. d4 e6 2. c4 d5 3. Nf3 c5 4. e3 Nf6 5. Bd3 cxd4 6. exd4 dxc4 7. Bxc4 Bd6 8.
O-O O-O 9. Bg5 Nbd7 10. Qe2 Nb6 11. Bd3 Nbd5 12. Ne5 b6 13. Nc3 h6 14. Bxf6
Nxf6 15. Rac1 Bb7 16. Kh1 Be7 17. Rfd1 Rb8 18. Ba6 Ba8 19. a3 Nd5 20. Qg4 f5
21. Qf3 Bg5 22. Nxd5 Bxd5 23. Qh3 Bxc1 24. Rxc1 b5 25. Qg3 Qd6 26. Nc6 f4 27.
Qc3 Rb6 28. Nb4 f3 29. g3 Rxa6 30. Nxa6 Qxa6 31. Kg1 Qa4 32. Qe3 b4 33. axb4
Qxb4 34. Rc2 Qa4 35. Rc1 Rb8 36. Kh1 Qb3 37. Qd2 Be4 38. Re1 Qxb2 39. Qe3 Bd5
40. Kg1 Rb4 41. Rd1 Qc2 42. Re1 Qa4 43. Qc3 Rxd4 44. Qc8+ {Hossa resigns} 0-1

[Event "ICS Rated blitz match"]
[Site "207.99.83.229"]
[Date "1999.07.23"]
[Round "?"]
[White "StrongBach"]
[Black "Hossa"]
[Result "0-1"]
[WhiteElo "1876"]
[BlackElo "2377"]
[PlyCount "86"]
[EventDate "1999.??.??"]

1. Nf3 Nf6 2. c4 e6 3. Nc3 d5 4. Qb3 d4 5. Nb1 Bc5 6. d3 O-O 7. Bd2 Ng4 8. Na3
a5 9. Nb5 c6 10. Na3 f6 11. Qa4 Qb6 12. Rb1 Bb4 13. Nc2 Bxd2+ 14. Nxd2 e5 15.
h3 Nh6 16. b4 Ra6 17. c5 Qc7 18. Rc1 axb4 19. Qb3+ Qf7 20. Qxf7+ Rxf7 21. Nxb4
Ra4 22. Rb1 Na6 23. Nxa6 bxa6 24. Rb8 Rf8 25. Rb6 Rxa2 26. Rg1 Ra1+ 27. Nb1 Nf5
28. g4 Ne7 29. Rb4 Nd5 30. Rb8 Nc3 31. Bg2 Bxg4 32. Rb7 Nxb1 33. Bd5+ cxd5 34.
Rxg4 Nc3+ 35. Kd2 Ra2+ 36. Kc1 Nxe2+ 37. Kb1 Nc3+ 38. Kc1 g6 39. Rh4 h5 40. Ra7
Rb8 41. Ra8 Rxa8 42. f4 Rb8 43. fxe5 43... Rb1# {StrongBach checkmated} 0-1

[Event "ICS Rated blitz match"]
[Site "207.99.83.229"]
[Date "1999.07.23"]
[Round "?"]
[White "Hossa"]
[Black "topolino"]
[Result "0-1"]
[WhiteElo "2379"]
[BlackElo "2525"]
[PlyCount "118"]
[EventDate "1999.??.??"]

1. d4 e6 2. c4 d5 3. Nf3 c5 4. e3 Nf6 5. Bd3 cxd4 6. exd4 dxc4 7. Bxc4 Bd6 8.
O-O O-O 9. Nc3 Bd7 10. Bg5 Qc7 11. Bxf6 Qxc4 12. Nd2 Qc7 13. Qg4 g6 14. Qh4 Rc8
15. Nde4 Bc6 16. Nxd6 Qxd6 17. Be5 Qd8 18. Qxd8+ Rxd8 19. Bf6 Rd7 20. Rae1 Na6
21. Re2 Nb4 22. b3 Rc8 23. a3 Nd5 24. Nxd5 Bxd5 25. Re3 Rdc7 26. h3 Rc3 27. b4
Rxe3 28. fxe3 Rc2 29. Rf2 Rc3 30. a4 Bc6 31. b5 Be4 32. Rf1 h6 33. Rf4 Rc1+ 34.
Kh2 Bc2 35. a5 Rb1 36. Rf2 Bd3 37. g4 Rxb5 38. Ra2 Rb3 39. Kg3 Be4 40. Kf4 Bd5
41. Re2 g5+ 42. Kg3 Ra3 43. Bd8 Kf8 44. Bc7 Ke7 45. Re1 Kd7 46. Be5 Be4 47. Bg7
Ra2 48. h4 f5 49. Kh3 fxg4+ 50. Kxg4 Rg2+ 51. Kh5 gxh4 52. Bxh6 h3 53. a6 h2
54. axb7 Bf3+ 55. Kh4 Rg1 56. b8=N+ Ke8 57. Rxg1 hxg1=Q 58. Kh3 Qg4+ 59. Kh2
59... Qg2# {Hossa checkmated} 0-1